|
|
|
|
| LEADER |
00000nab a2200000 a 4500 |
| 001 |
vtls000244233 |
| 003 |
SK-MaSNL |
| 005 |
20260304073012.0 |
| 008 |
250423c1986 xo 0 slo |
| 015 |
|
|
|a SNBRB19rr/mm-uuuuu
|
| 035 |
|
|
|a CL0254347
|
| 035 |
|
|
|a urn:nbn:sk:snk-abbfla
|
| 035 |
|
|
|a (urnnbn)urn:nbn:sk:snk:ar-004ieb
|
| 035 |
|
|
|a (uuid)808ec14a-a38e-4fd5-9e56-3e100bd988d2
|
| 040 |
|
|
|a SNKBUCL
|b slo
|c SNKBUCL
|e AACR2
|
| 041 |
0 |
|
|a slo
|
| 044 |
|
|
|a xo
|c SK
|
| 080 |
|
|
|a 839.7 (480)-2
|2 1981
|
| 100 |
1 |
|
|a Alftan, Robert
|4 aut
|9 955013
|
| 245 |
1 |
0 |
|a To nie je vojenské vystupovanie
|c Robert Alftan ; Jaroslav Kaňa
|
| 650 |
0 |
7 |
|a rozhlasové hry
|2 snkbucl
|9 2914
|
| 655 |
|
7 |
|a články z novín a časopisov
|2 snkbucl
|9 267496
|
| 655 |
|
7 |
|a články z odboru literárna veda a krásna literatúra
|2 snkbucl
|9 770045
|
| 700 |
1 |
|
|a Kaňa, Jaroslav,
|d 1925-2004
|4 trl
|9 180720
|
| 773 |
0 |
|
|t Revue svetovej literatúry
|g Roč. 22, č. 3 (1986), s. 62-71
|
| 850 |
|
|
|a Slovenská národná knižnica
|
| 852 |
|
|
|a Slovenská národná knižnica
|
| 958 |
|
|
|a article15
|
| 958 |
|
|
|a RK
|
| 958 |
|
|
|a LX
|
| 958 |
|
|
|a OND
|
| 958 |
|
|
|a EUIPO
|
| 999 |
|
|
|c 2768950
|d 2770880
|